| 000 | 01041cad a22002055a 4500 | ||
|---|---|---|---|
| 001 | E148649 | ||
| 008 | 091015n xxk f 000 0 eng d | ||
| 035 | _a(Sirsi) u148649 | ||
| 041 | 0 | _aeng | |
| 050 | 0 | 4 | _a346.4104343 $2 18 |
| 110 | 2 |
_aJoint Working Group on Commercial Leases _95168 |
|
| 245 | 0 | 0 |
_aBriefing note _benvironmental good practice _h[electronic resource] |
| 260 |
_a[S.l.] _bJoint Working Group on Commercial Leases _c[200-?] |
||
| 520 | _aProvides information to supplement the Code for Leasing Business Premises in England and Wales 2007 (see L137317), in relation to environmental good practice. Sets out how to use a Memorandum of Understanding to clarify the behaviours expected of landlord and tenant. | ||
| 521 | _aAdvanced | ||
| 651 | 4 |
_aEngland and Wales _y1543- |
|
| 690 | _aPROPERTY-COMMERCIAL PROPERTY-COMMERCIAL LANDLORD AND TENANT-COMMERCIAL LEASES | ||
| 856 | 4 | 0 |
_uhttps://www.commercialleasecode.co.uk/supplementary-info.html _zView the guidance free of charge at www.commercialleasecode.co.uk... |
| 942 | _n0 | ||
| 999 |
_c110148 _d110148 |
||